000 00507nam a2200181Ia 4500
008 170705s9999 xx 000 0 und d
020 _a9780545435994
245 _aTreasury of Greek mythology :
245 _bclassic stories of gods, goddesses, heroes & monsters /
245 _cDonna Jo Napoli ; illustrated by Christina Balit.
260 _aNew York :
260 _bScholastic,
260 _c2011
300 _a191 pages :
300 _bcolor illustration ;
300 _c26cm.
500 _a860
999 _c336495
_d336495